| 000 | 01078 a2200325 4500 | ||
|---|---|---|---|
| 001 | 200422453 | ||
| 003 | TR-AnTOB | ||
| 005 | 20240911102259.0 | ||
| 008 | 150714b tu 000 0 | ||
| 020 | _a9780821369432 | ||
| 040 |
_aTR-AnTOB _btur _erda _cTR-AnTOB |
||
| 041 | 0 | _aeng | |
| 050 | 0 | 0 |
_aLC5225.E25 _bD34 2007 |
| 090 |
_aLC5225.E25 _bD34 2007 |
||
| 100 | 1 |
_aDahlman, Carl J., _d1950- _9107738 |
|
| 245 | 1 | 0 |
_aEnhancing China's competitiveness through lifelong learning / _cCarl Dahlman, Douglas Zhihua Zeng, Shuilin Wang. |
| 264 | 1 |
_aWashington, DC : _bWorld Bank, _c[2007] |
|
| 264 | 4 | _c©2007 | |
| 300 |
_axxii, 238 p. : _bill. ; _c27 cm. |
||
| 336 |
_atext _2rdacontent _btxt |
||
| 337 |
_aunmediated _2rdamedia _bn |
||
| 338 |
_avolume _2rdacarrier _bnc |
||
| 504 | _aIncludes bibliographical references. | ||
| 650 | 0 | 0 |
_aContinuing education _xEconomic aspects _zChina _9107740 |
| 650 | 0 | 0 |
_aEducation and state _zChina _9107741 |
| 700 | 1 |
_aWang, Shuilin _9107135 |
|
| 700 | 1 |
_aZeng, Douglas Zhihua _9108886 |
|
| 942 |
_cBK _2lcc |
||
| 999 |
_c200422453 _d39486 |
||